000 00576nam a22001937a 4500
999 _c7000
_d7000
003 AR-CdUCM
008 190319b ||||| |||| 00| 0 spa d
040 _aMUNICIPALIDAD PROVINCIAL DEL CUSCO
_cBIBLIOTECA MUNICIPAL DEL CUSCO
082 _a869.56 /
_bC95
245 _aCuentos peruanos contemporáneos /
260 _aLima :
_bPeruanas,
_c1958.
300 _a88 páginas ;
_c17.5 cm
500 _aDonación familia Nieto
650 _aCuento peruano
_93686
650 _aSiglo XX
_98
700 _aEscobar, Alberto (seleccion)
_919728
942 _2ddc
_cLIBROS
945 _aafb